Основные положения Федерального закона "Об образовании в Российской Федерации". Вып. 13: Федеральный государственный образовательный стандарт, образовательные программы и примерные основные образовательные программы (в части общего образования) (Запись № 10613497)

Подробности
000 -МАРКЕР
контрольное поле 01912nam2a2200289 4500
001 - ИДЕНТИФИКАТОР ЗАПИСИ
контрольное поле RU\NLR\BIBL_A\010305210
005 - ИДЕНТИФИКАТОР ВЕРСИИ
контрольное поле 20260408203528.0
010 ## - МЕЖДУНАРОДНЫЙ СТАНДАРТНЫЙ НОМЕР КНИГИ (ISBN)
Номер (ISBN) 978-5-4364-0067-9
Тираж 1000
021 ## - НОМЕР ГОСУДАРСТВЕННОЙ РЕГИСТРАЦИИ
Код страны российская федерация
Номер 2014-10565
Номер Листа государственной регистраци 674
035 ## - ДРУГИЕ СИСТЕМНЫЕ НОМЕРА
Идентификатор записи (NLR Aleph) 010305210
100 ## - ДАННЫЕ ОБЩЕЙ ОБРАБОТКИ
Данные общей обработки 20140411d2013 |||y0rusy50 ca
101 0# - ЯЗЫК РЕСУРСА
Язык текста, звукозаписи и т.д. русский
102 ## - СТРАНА ПУБЛИКАЦИИ ИЛИ ПРОИЗВОДСТВА
Страна публикации российская федерация
105 ## - ПОЛЕ КОДИРОВАННЫХ ДАННЫХ: ТЕКСТОВЫЕ МАТЕРИАЛЫ, МОНОГРАФИЧЕСКИЕ
Кодированные данные о монографическом текстовом документе a ||n|||000yy
200 1# - ЗАГЛАВИЕ И СВЕДЕНИЯ ОБ ОТВЕТСТВЕННОСТИ
Основное заглавие Федеральный государственный образовательный стандарт, образовательные программы и примерные основные образовательные программы (в части общего образования)
210 ## - ПУБЛИКАЦИЯ, РАСПРОСТРАНЕНИЕ И ДР.
Дата издания, распространения и т.д. 2013
Место издания, распространения и т.д. Б. м.
215 ## - ФИЗИЧЕСКАЯ ХАРАКТЕРИСТИКА
Специфическое обозначение материала и объем 46, [1] с.
Другие сведения о физической характеристике ил.
461 #0 - УРОВЕНЬ НАБОРА
Встроенное поле 001RU\NLR\BIBL_A\010353994
-- 2000#$aОсновные положения Федерального закона "Об образовании в Российской Федерации"$fФедер. Собрание Рос. Федерации, Гос. Дума$g[сост.: Г.А. Балыхин и др.$gпод общ. ред. А.Н. Дегтярева]$vВып. 13
Системный номер (АБИС) связанной записи 10756817
Место публикации Москва
Дата публикации 2013
Первые сведения об ответственности Федер. Собрание Рос. Федерации, Гос. Дума
Имя издателя, распространителя и т.д. издание Государственной Думы
Заглавие Основные положения Федерального закона "Об образовании в Российской Федерации"
Номер тома Вып. 13
606 1# - НАИМЕНОВАНИЕ ТЕМЫ КАК ПРЕДМЕТ
Наименование темы Среднее образование
Тематический подзаголовок Правовые вопросы
Географический подзаголовок Российская Федерация
Системный номер авторитетной/нормативной записи 2143009
Идентификатор авторитетной/нормативной записи RU\NLR\AUTH\661596001
606 ## - НАИМЕНОВАНИЕ ТЕМЫ КАК ПРЕДМЕТ
Наименование темы Общеобразовательные учреждения
Тематический подзаголовок Учебные программы
Идентификатор авторитетной/нормативной записи RU\NLR\AUTH\661542106
Системный номер авторитетной/нормативной записи 2605548
686 1# - ИНДЕКСЫ ДРУГИХ КЛАССИФИКАЦИЙ
Индекс Ч424(2Р)б
686 1# - ИНДЕКСЫ ДРУГИХ КЛАССИФИКАЦИЙ
Индекс Ч421.211
942 ## - ДОПОЛНИТЕЛЬНЫЕ ЭЛЕМЕНТЫ ЗАПИСИ (АБИС)
Тип экземпляра АБИС Книга
980 ## - КОЛЛЕКЦИЯ
Название коллекции Национальная библиография
Экземпляры
Тип экземпляра Дата поступления Источник поступления Стоимость Библиотека постоянного хранения Библиотека текущего хранения Место хранения Шифр хранения Штрих-код Статус не для выдачи
Книга 11.04.2014 Обязательный экземпляр 0.00 РНБ (Московский) РНБ (Московский) Русский книжный фонд: издания с 1957 года, 8этаж 2014-4/3342 1-448552  
Книга 11.04.2014 Обязательный экземпляр 0.00 РНБ (Московский) РНБ (Московский) Русский книжный фонд: издания с 1957 года, 8этаж 2014-4/3342 1-448553  
Книга 27.05.2014 Контрольный экземпляр из типографии 500.00 РНБ (Садовая) РНБ (Садовая) Фонд международного книгообмена   1-420240